000 00318nam a2200133Ia 4500
005 20251222155159.0
008 251222s9999||||xx |||||||||||||| ||spa||
082 _aINV.39
100 _aUNIV. PEDRO RUIZ GALLO.
245 0 _aResúmenes de investigación
250 _a1ra. ed.
264 _bUniv. PRG.
942 _cLIB
999 _c39853
_d39853